| Tag |
First Indicator |
Second Indicator |
Subfields |
| LEADER |
00000cam a2200000 4500 |
| 001 |
in00000021467 |
| 005 |
20151007062326.0 |
| 008 |
790625s1911 nyua 00010 eng |
| 010 |
|
|
|a 11010091
|
| 035 |
|
|
|a (OCoLC)05105658
|
| 035 |
|
|
|9 AAD4562AM
|
| 040 |
|
|
|a DLC
|c CLE
|d TXA
|d UtOrBLW
|
| 049 |
|
|
|a TXAM
|c [23219]
|
| 050 |
|
0 |
|a TP885.A2
|b H83
|
| 092 |
|
|
|a 693.5
|b H83m
|
| 100 |
1 |
|
|a Houghton, A. A.
|q (Albert Allison),
|d 1879-
|
| 245 |
1 |
0 |
|a Molding concrete bath tubs, aquariums, and natatoriums ;
|b a practical treatise /
|c by A. A. Houghton, fully illustrated by original drawings.
|
| 264 |
|
1 |
|a New York :
|b The N.W. Henley publishing co.,
|c 1911.
|
| 300 |
|
|
|a 5 pages ., 13-64 pages :
|b illustrations ;
|c 19 cm.
|
| 336 |
|
|
|a text
|b txt
|2 rdacontent
|
| 337 |
|
|
|a unmediated
|b n
|2 rdamedia
|
| 338 |
|
|
|a volume
|b nc
|2 rdacarrier
|
| 490 |
0 |
|
|a Concrete worker's reference books, no. 7
|
| 650 |
|
0 |
|a Concrete.
|
| 999 |
|
|
|a MARS
|
| 999 |
f |
f |
|s 5d73957f-59bd-3803-9584-a0be652d5ac9
|i 0ef5dc9b-c889-36c7-b42f-60255681530b
|t 0
|
| 952 |
f |
f |
|p ric
|a Texas A&M University
|b Rellis Campus
|c Joint Library Facility
|d Remote Storage
|t 0
|e TP885.A2 H83
|h Library of Congress classification
|i unmediated -- volume
|m A14801140169
|
| 998 |
f |
f |
|a TP885.A2 H83
|t 0
|l Remote Storage
|